000 00473nam a2200157 i 4500
001 75902
003 ES-MaACL
005 20230906172640.0
007 t|
008 040928s1913 xxk ||||1| eng d
100 1 _aGruner, O. C.
_960249
245 1 4 _aThe biology of the blood-cells with a glossary of haematological terms /
_cby O.C. Gruner.
260 _aBristol :
_bJohn Wright,
_c1913.
300 _aXII, 392 p., 20 lám :
_bil. ;
_c25 cm.
852 _aES-MaACL
_jE-1416
999 _c75902
_d75902